Mitología romana

Uloženo v:
Podrobná bibliografie
Hlavní autor: Solá, María Delia (Autor)
Médium: Kniha
Jazyk:španělština
Vydáno: Buenos Aires Gradifco 2008
Vydání:1a. ed
Edice:Mitología
Témata:
Tagy: Přidat tag
Žádné tagy, Buďte první, kdo vytvoří štítek k tomuto záznamu!

MARC

LEADER 00000nam a2200000 a 4500
001 UCG5287
003 CL-VaPUC
008 110224e20080000AG |||||||||||||||||spa|d
020 |a 9789871093892 
082 0 4 |a 292.07  |b SOL  |2 21 
100 0 |a Solá, María Delia  |e author  |9 554939 
245 1 0 |a Mitología romana 
250 |a 1a. ed 
300 |a 352 p 
942 |c BK 
945 |d 20110224 00:00:00  |a cmena 
260 |a Buenos Aires  |b Gradifco  |c 2008 
650 7 |a MITOLOGIA ANTIGUA  |2 CL-VaPUC  |9 554940 
650 0 |a Creencias religiosas   |9 373391 
650 0 |a Costumbres y tradiciones   |9 268292 
651 0 |a Roma   |9 255106 
583 |a last modification  |c 20110224 00:00:00  |k Rodrigo Vera 
490 0 |a Mitología 
999 |c 343838  |d 343836 
952 |0 0  |1 0  |4 0  |6 292_070000000000000_SOL_2008  |7 0  |8 A  |9 441466  |a BIBHIS  |b BIBHIS  |d 2019-11-22  |i 4750934  |o 292.07 SOL 2008  |p 4750934  |r 2025-01-20  |w 2019-11-22  |y BK  |k HIS 
952 |0 0  |1 0  |4 0  |6 292_070000000000000_SOL_2008  |7 0  |8 A  |9 441467  |a BIBHIS  |b BIBHIS  |d 2019-11-22  |i 4766954  |o 292.07 SOL 2008  |p 4766954  |r 2025-01-20  |w 2019-11-22  |y BK  |k HIS